000 01020na a2200313 4500
999 _c4548
_d4548
001 20808
003 MIRAKIL
005 20200302135708.0
008 170127b tu 000 0
035 _a20808
040 _aTR-AnCHP
_btur
_cTR-AnCHP
041 _atur
082 _aCHP 362
_bC36o [2011]
090 _aBROŞÜR 220
110 _aCumhuriyet Halk Partisi (CHP)
222 _aAile sigortası programı
245 _a10 soruda aile sigortası/
_cCHP.
260 _aAnkara:
_bCHP,
_c[2011].
300 _a[12] s.:
_c15 sm.
440 _aCumhuriyet Halk Partisi yayınları
_pProgramlar
610 _aCHP
_xProgramlar
_yAile politikaları
610 _aCHP
_xSosyal güvenlik sorunu
_yAile Sigortası Kurumu (AS-KUR)
_yÇözüm önerileri
610 _aCHP
_xSosyal güvenlik politikaları
_yAile sigortası
830 _aCHP programları
856 _zDijital Nüshası için Partimizin Kütüphane Sorumlusu ile iletişime geçiniz.
942 _2ddc
_cVIS
999 _d4548